[Event "BCF-ch 92nd"]
[Site "Douglas IOM"]
[Date "2005.08.04"]
[Round "4.6"]
[White "Emms, John"]
[Black "Therrien, Alex"]
[Result "1/2-1/2"]
[WhiteElo "2509"]
[BlackElo "2294"]
[PlyCount "129"]
[EventDate "2005.08.01"]

1. e4 c5 2. c3 e6 3. Nf3 Nc6 4. d3 d6 5. g3 Nf6 6. Bg2 Be7 7. O-O O-O 8. Re1
Rb8 9. d4 e5 10. d5 Na5 11. Nbd2 b5 12. b4 cxb4 13. cxb4 Nc4 14. Nxc4 bxc4 15.
Bd2 a5 16. a3 Nd7 17. Bc3 Ba6 18. Nd2 axb4 19. axb4 Bb5 20. Qc2 Bg5 21. h4 Bxd2
22. Bxd2 h6 23. Ra5 Qc7 24. Rea1 Nf6 25. Bc3 Rfc8 26. f3 Be8 27. Qf2 Rb7 28.
Ra7 Rcb8 29. Rxb7 Rxb7 30. Ra8 Kh7 31. Bf1 Bb5 32. Qe3 Nd7 33. Ra5 Nf6 34. Kg2
Nd7 35. Kg1 Nf6 36. Kf2 Bd7 37. Be2 Be8 38. Ra8 Bb5 39. Kg2 Nd7 40. Ra5 Nf8 41.
f4 f6 42. f5 Rb8 43. Ra7 Rb7 44. Ra8 Nd7 45. Bh5 Rb8 46. Ra5 Kg8 47. Kf2 Rb7
48. Ke1 Rb8 49. Kd2 Rb6 50. g4 Qb7 51. Be8 Ra6 52. Bxd7 Bxd7 53. g5 hxg5 54.
hxg5 Rxa5 55. bxa5 Qb1 56. gxf6 gxf6 57. Ke2 Be8 58. Kf2 Bh5 59. Kg3 Qa2 60.
Qd2 Qb1 61. Qe3 Qa2 62. Qf2 Qa4 63. Qd2 Be8 64. Kh4 Kf7 65. Kg3 1/2-1/2

[Event "BCF-ch 92nd"]
[Site "Douglas IOM"]
[Date "2005.08.04"]
[Round "4.8"]
[White "Haslinger, Stewart"]
[Black "Jessel, Stephen"]
[Result "1/2-1/2"]
[WhiteElo "2412"]
[BlackElo "2285"]
[PlyCount "72"]
[EventDate "2005.08.01"]

1. e4 e6 2. d4 d5 3. Nd2 Nf6 4. e5 Nfd7 5. c3 c5 6. Bd3 Nc6 7. Ne2 cxd4 8. cxd4
f6 9. exf6 Nxf6 10. Nf3 Bd6 11. O-O O-O 12. Bf4 Bxf4 13. Nxf4 Qd6 14. g3 Qb4
15. Rb1 Bd7 16. Re1 Rae8 17. Bc2 Re7 18. h4 g6 19. a3 Qb6 20. b4 a6 21. Qd2 Nh5
22. Rbd1 Nxf4 23. gxf4 Ref7 24. f5 gxf5 25. Kh1 Qd8 26. Rg1+ Kh8 27. Qf4 Rg8
28. Ba4 b5 29. Rxg8+ Qxg8 30. Rg1 Qb8 31. Qxb8+ Nxb8 32. Ne5 Rg7 33. Bd1 Be8
34. Rxg7 Kxg7 35. Kh2 Nc6 36. Nxc6 Bxc6 1/2-1/2

[Event "BCF-ch 92nd"]
[Site "Douglas IOM"]
[Date "2005.08.04"]
[Round "4.11"]
[White "White, Michael JR"]
[Black "Williams, Simon"]
[Result "0-1"]
[WhiteElo "2200"]
[BlackElo "2461"]
[PlyCount "226"]
[EventDate "2005.08.01"]

1. e4 e6 2. d4 d5 3. e5 c5 4. c3 Nc6 5. Nf3 Bd7 6. Be2 Nge7 7. O-O Ng6 8. Re1
Be7 9. a3 c4 10. Nbd2 Nf4 11. Bf1 g5 12. h3 Na5 13. Rb1 Qc7 14. g3 Ng6 15. Nh2
O-O-O 16. Ndf3 h6 17. Be3 Rdf8 18. Bg2 Nb3 19. Qe2 Kb8 20. Rf1 Ka8 21. Rbe1 Ba4
22. Kh1 Rh7 23. Ng1 Na5 24. f4 gxf4 25. Bxf4 h5 26. Ngf3 Nxf4 27. gxf4 Qd8 28.
Qf2 Rg7 29. h4 f6 30. exf6 Rxf6 31. Ng5 Qd6 32. Nhf3 Rxf4 33. Rxe6 Qb8 34. Qe1
Nc6 35. Rf2 Bxg5 36. hxg5 Nd8 37. Rf6 Re4 38. Re2 Bc2 39. Rxe4 Bxe4 40. Qh4 Nf7
41. g6 Bxg6 42. Ne5 Qd8 43. Qf4 Nxe5 44. Rf8 Be8 45. Qf6 Re7 46. dxe5 a6 47.
Bf3 Qd7 48. Qf5 Ka7 49. Qxd7 Bxd7 50. Bxd5 Rxe5 51. Bxc4 Bc6+ 52. Kg1 Rg5+ 53.
Kf1 h4 54. Rh8 Rg4 55. Be6 Rf4+ 56. Kg1 Re4 57. Rh6 Re3 58. c4 Kb6 59. b4 Rxa3
60. Rxh4 Ra4 61. c5+ Ka7 62. Rg4 Ra1+ 63. Kf2 Rc1 64. Rc4 Rb1 65. Bf5 Rb3 66.
Bg4 Bb5 67. Rd4 Bc6 68. Ke2 a5 69. bxa5 Rc3 70. Bc8 Rxc5 71. Bxb7 Kxb7 72. a6+
Kxa6 73. Rb4 Rc3 74. Kd2 Rh3 75. Ke2 Bb5+ 76. Kf2 Kb6 77. Kg2 Rd3 78. Rh4 Bc6+
79. Kf2 Kc5 80. Ke2 Ra3 81. Kd2 Bd5 82. Rf4 Kd6 83. Rd4 Ke5 84. Rh4 Be4 85.
Rh5+ Kf4 86. Rh8 Rd3+ 87. Ke2 Rd5 88. Rf8+ Bf5 89. Rf7 Rc5 90. Rf8 Rc2+ 91. Kd1
Ra2 92. Kc1 Ke5 93. Rb8 Kd4 94. Rb2 Ra1+ 95. Kd2 Bd3 96. Rb4+ Bc4 97. Rb8 Ra2+
98. Ke1 Re2+ 99. Kd1 Rf2 100. Ke1 Rf1+ 101. Kd2 Rf2+ 102. Ke1 Re2+ 103. Kd1 Kc3
104. Rc8 Rf2 105. Re8 Rf7 106. Re3+ Bd3 107. Re8 Rf2 108. Rc8+ Kd4 109. Rd8+
Ke3 110. Kc1 Rc2+ 111. Kd1 Ra2 112. Re8+ Be4 113. Rc8 Rb2 0-1

[Event "BCF-ch 92nd"]
[Site "Douglas IOM"]
[Date "2005.08.04"]
[Round "4.12"]
[White "Dignam, Matthew P"]
[Black "Ashton, Adam"]
[Result "0-1"]
[WhiteElo "2194"]
[BlackElo "2294"]
[PlyCount "86"]
[EventDate "2005.08.01"]

1. e4 e5 2. Nf3 Nc6 3. Bb5 a6 4. Ba4 Nf6 5. d3 b5 6. Bb3 Be7 7. O-O O-O 8. c3
d6 9. h3 Na5 10. Bc2 c5 11. Nh2 d5 12. f4 Nc6 13. fxe5 Nxe5 14. d4 cxd4 15.
cxd4 Qb6 16. Kh1 Ng6 17. e5 Ne4 18. Bxe4 dxe4 19. Nc3 Bb7 20. Ng4 Rad8 21. Be3
b4 22. Ne2 h5 23. Nf2 Nxe5 24. Qb3 Ng6 25. Ng3 Bd5 26. Qd1 h4 27. Nf5 Qe6 28.
Qh5 Bc4 29. Ng4 Bxf1 30. Ngh6+ gxh6 31. Nxh6+ Kg7 32. Nf5+ Qxf5 33. Qxf5 Bd3
34. Rc1 Rd6 35. Qg4 Bf6 36. Qh5 Rh8 37. Qc5 Rhd8 38. Qxb4 Bxd4 39. Bg5 Bf6 40.
Be3 Rd5 41. Rc6 Rb5 42. Qa4 Bxb2 43. Qxa6 Be5 0-1

[Event "BCF-ch 92nd"]
[Site "Douglas IOM"]
[Date "2005.08.04"]
[Round "4.13"]
[White "Hodgson, John"]
[Black "Tippleston, Charles"]
[Result "0-1"]
[WhiteElo "2225"]
[BlackElo "2203"]
[PlyCount "88"]
[EventDate "2005.08.01"]

1. e4 c5 2. Nf3 Nc6 3. d4 cxd4 4. Nxd4 Nf6 5. Nc3 e5 6. Ndb5 d6 7. Bg5 a6 8.
Na3 b5 9. Bxf6 gxf6 10. Nd5 f5 11. Bd3 Be6 12. O-O Bxd5 13. exd5 Ne7 14. Re1
Bg7 15. c3 O-O 16. Qh5 e4 17. Bf1 Qc8 18. Rad1 Ng6 19. Nc2 Re8 20. Nb4 f4 21.
Nc6 f5 22. g3 fxg3 23. hxg3 f4 24. gxf4 Nxf4 25. Qg5 Nh3+ 26. Bxh3 Qxh3 27. Re3
Qd7 28. Rde1 Kh8 29. Kf1 Rg8 30. Qh5 Raf8 31. Nd4 Bxd4 32. cxd4 Qg7 33. Qh2
Qxd4 34. Qxd6 Qxb2 35. R3e2 Qd4 36. Qc6 Rg6 37. Qc1 Rfg8 38. Re3 Rg1+ 39. Ke2
Rxe1+ 40. Qxe1 Qc4+ 41. Kd1 Qxd5+ 42. Kc1 Rc8+ 43. Kb2 Rc4 44. Re2 Qd3 0-1

[Event "BCF-ch 92nd"]
[Site "Douglas IOM"]
[Date "2005.08.04"]
[Round "4.15"]
[White "Nixon, Thomas"]
[Black "Pym, Thomas"]
[Result "1-0"]
[WhiteElo "2195"]
[BlackElo "2099"]
[PlyCount "45"]
[EventDate "2005.08.01"]

1. d4 Nf6 2. Nf3 c5 3. d5 d6 4. c4 b5 5. Qc2 Bg4 6. Nfd2 g6 7. cxb5 Nxd5 8. g3
Nd7 9. Bg2 N7b6 10. Nc3 Be6 11. a3 Bg7 12. Nxd5 Bxd5 13. e4 Bb7 14. a4 a6 15.
Qb3 O-O 16. a5 axb5 17. Qxb5 Ra6 18. Ra3 Qa8 19. axb6 Rxa3 20. bxa3 Ba6 21. Qa5
f5 22. Bf1 c4 23. Qxa6 1-0

[Event "BCF-ch 92nd"]
[Site "Douglas IOM"]
[Date "2005.08.04"]
[Round "4.16"]
[White "Cumbers, Paul"]
[Black "Mitchell, Martin"]
[Result "0-1"]
[WhiteElo "2118"]
[BlackElo "2172"]
[PlyCount "122"]
[EventDate "2005.08.01"]

1. e4 c5 2. c3 d5 3. exd5 Qxd5 4. d4 Nf6 5. Nf3 Bg4 6. dxc5 Qxc5 7. Na3 a6 8.
h3 Bf5 9. Be3 Qc7 10. Qa4+ Nbd7 11. Nb5 Qb8 12. Nbd4 Be4 13. Be2 e5 14. Nb3 b5
15. Qa5 Nd5 16. Rd1 Nxe3 17. fxe3 Bd6 18. O-O O-O 19. Ng5 Bc6 20. Bd3 Nf6 21.
Rxf6 gxf6 22. Nxh7 Rd8 23. Nxf6+ Kf8 24. Be4 Bxe4 25. Nxe4 Be7 26. Rxd8+ Qxd8
27. Qxd8+ Rxd8 28. Kf2 f5 29. Ned2 Kf7 30. Ke2 Rg8 31. Kf1 Ke6 32. Kf2 Bh4+ 33.
Kf1 Be7 34. Kf2 Rd8 35. Ke2 Kd5 36. g3 Rh8 37. h4 f4 38. exf4 exf4 39. gxf4
Rxh4 40. Ke3 Bd6 41. f5 Bf4+ 42. Kd3 Rh3+ 43. Kc2 Rh2 44. Kd3 a5 45. Nf3 Rxb2
46. Nbd4 Rxa2 47. Nxb5 Rf2 48. c4+ Kc5 49. Nfd4 Be5 50. Ne6+ Kb4 51. Nbd4 Bxd4
52. Nxd4 a4 53. Nc2+ Kb3 54. Nd4+ Kb4 55. Nc2+ Kc5 56. Kc3 Rf3+ 57. Kb2 Kxc4
58. Ka2 Kc3 59. Na3 Rf2+ 60. Ka1 Kb3 61. Nb1 Ra2# 0-1

[Event "BCF-ch 92nd"]
[Site "Douglas IOM"]
[Date "2005.08.04"]
[Round "4.17"]
[White "Surtees, Mike"]
[Black "Hall, Daniel J"]
[Result "1-0"]
[WhiteElo "2142"]
[BlackElo "2037"]
[PlyCount "51"]
[EventDate "2005.08.01"]

1. e4 c5 2. c3 d5 3. f3 e5 4. Qb3 Nf6 5. exd5 Bd6 6. d3 O-O 7. c4 Nh5 8. Be3 f5
9. Nc3 a6 10. g3 Re8 11. Nge2 b5 12. Bg2 Nf6 13. O-O b4 14. Nd1 e4 15. dxe4
fxe4 16. Nf2 exf3 17. Bxf3 Nbd7 18. Nf4 Ne5 19. Be2 Qe7 20. Bd2 g5 21. Nh5 Nfg4
22. Nxg4 Nxg4 23. Bxg4 Bxg4 24. Nf6+ Kg7 25. Nxg4 Qe2 26. Qf3 1-0

[Event "BCF-ch 92nd"]
[Site "Douglas IOM"]
[Date "2005.08.04"]
[Round "4.18"]
[White "Bonafont, Philip"]
[Black "Taylor, Geoffrey"]
[Result "1/2-1/2"]
[WhiteElo "2116"]
[BlackElo "2135"]
[PlyCount "51"]
[EventDate "2005.08.01"]

1. d4 d5 2. Nf3 Nf6 3. c4 e6 4. Nc3 c6 5. Bg5 Be7 6. e3 O-O 7. Qc2 Nbd7 8. cxd5
exd5 9. Bd3 Re8 10. O-O Nf8 11. h3 Be6 12. Ne5 Rc8 13. f4 c5 14. Qf2 cxd4 15.
exd4 Ne4 16. Nxe4 dxe4 17. Bxe7 Rxe7 18. Bxe4 f6 19. Nf3 Bxh3 20. Rfe1 Bg4 21.
Rad1 f5 22. Bd5+ Kh8 23. Rxe7 Qxe7 24. Ne5 Bxd1 25. Nf7+ Kg8 26. Nh6+ 1/2-1/2

[Event "BCF-ch 92nd"]
[Site "Douglas IOM"]
[Date "2005.08.04"]
[Round "4.20"]
[White "Humphreys, Jerry"]
[Black "Fraser, Joseph"]
[Result "1/2-1/2"]
[WhiteElo "2115"]
[BlackElo "1959"]
[PlyCount "48"]
[EventDate "2005.08.01"]

1. e4 c5 2. Nc3 Nc6 3. g3 g6 4. Bg2 Bg7 5. Nge2 d6 6. O-O e5 7. d3 f5 8. f4
Nge7 9. Be3 Nd4 10. Qd2 O-O 11. Nd1 Rb8 12. a3 Nxe2+ 13. Qxe2 Qc7 14. Nf2 b5
15. Rfd1 Be6 16. d4 fxe4 17. dxc5 d5 18. fxe5 Bxe5 19. Nh3 Qc8 20. Nf2 h5 21.
Bd4 Bc7 22. a4 h4 23. g4 a6 24. Rf1 g5 1/2-1/2

[Event "BCF-ch 92nd"]
[Site "Douglas IOM"]
[Date "2005.08.04"]
[Round "4.21"]
[White "De Coverly, Roger"]
[Black "Varnam, Liam"]
[Result "1/2-1/2"]
[WhiteElo "2086"]
[BlackElo "2088"]
[PlyCount "126"]
[EventDate "2005.08.01"]

1. Nf3 Nc6 2. d4 d5 3. c4 Bg4 4. e3 e6 5. Nc3 Nf6 6. h3 Bxf3 7. Qxf3 Bb4 8.
cxd5 exd5 9. Bd3 O-O 10. O-O Ne7 11. a3 Bxc3 12. bxc3 c6 13. a4 Re8 14. a5 Nc8
15. c4 Nd6 16. cxd5 cxd5 17. Ba3 Nde4 18. Bb4 Rc8 19. Rfc1 Qd7 20. Qe2 a6 21.
Qb2 Ng5 22. Rxc8 Rxc8 23. Rc1 Ne6 24. Rxc8+ Qxc8 25. Qc2 Qd7 26. f3 g6 27. Be1
Nd8 28. Kh2 Nc6 29. Qc5 Qe6 30. Bd2 Nd7 31. Qc3 Nf6 32. Kg1 Qd6 33. Bc2 Nd7 34.
Bb3 Nf6 35. Ba2 Ne7 36. Qb3 Qd7 37. e4 Qb5 38. Qxb5 axb5 39. Bg5 Kg7 40. e5
Nfg8 41. Bd2 f6 42. f4 Kf7 43. Bb4 Ke6 44. Bc5 Nc6 45. Bb6 fxe5 46. dxe5 Nge7
47. Kf2 Nc8 48. g4 Nxb6 49. axb6 Na5 50. Ke3 Nc4+ 51. Kd4 Nxb6 52. Bb1 Nd7 53.
f5+ Ke7 54. fxg6 hxg6 55. Bxg6 Nf8 56. Bf5 Ne6+ 57. Bxe6 Kxe6 58. h4 b4 59. h5
b3 60. Kc3 Kxe5 61. Kxb3 b5 62. h6 Kf6 63. g5+ Kg6 1/2-1/2

[Event "BCF-ch 92nd"]
[Site "Douglas IOM"]
[Date "2005.08.04"]
[Round "4.22"]
[White "Storey, Charles"]
[Black "Poobalasingam, Peter"]
[Result "1-0"]
[WhiteElo "2211"]
[BlackElo "2067"]
[PlyCount "139"]
[EventDate "2005.08.01"]

1. f4 e6 2. Nf3 d5 3. e3 Nf6 4. b3 Be7 5. Bb2 c5 6. Ne5 Nc6 7. Bb5 Bd7 8. Bxc6
Bxc6 9. O-O Qc7 10. d3 Bd6 11. a3 Rg8 12. Kh1 O-O-O 13. b4 Ne8 14. bxc5 Bxc5
15. d4 Bb6 16. c4 dxc4 17. Nd2 Nd6 18. Rc1 Kb8 19. Ndxc4 f6 20. Nxc6+ Qxc6 21.
Nxd6 Qxd6 22. Qh5 g5 23. f5 exf5 24. Rxf5 Rde8 25. Re1 Bxd4 26. Bxd4 Qxd4 27.
Qxh7 Qe4 28. Qh3 Rh8 29. Qg3+ Ka8 30. Rxf6 a6 31. h3 Re7 32. Kg1 Qd3 33. Qd6
Qh7 34. Qd5 g4 35. Rxa6+ Kb8 36. Re6 Rc7 37. Qe4 Qxe4 38. Rxe4 gxh3 39. gxh3
Rxh3 40. Kg2 Rch7 41. Rc1 Rh2+ 42. Kf3 Rf7+ 43. Kg3 Rff2 44. Rf4 Rhg2+ 45. Kh4
Re2 46. Rc3 Rg1 47. Rg4 Rh1+ 48. Kg5 Rh3 49. Kf4 Rf2+ 50. Ke4 Rf8 51. Kd3 Re8
52. Re4 Rd8+ 53. Kc2 Rh2+ 54. Kb3 Re2 55. Re7 Rd1 56. Kb4 Rde1 57. Kc5 Rd2 58.
Re8+ Kc7 59. Re7+ Kb8 60. Re8+ Kc7 61. Kb5+ Kd7 62. Re4 Rb2+ 63. Rb4 Reb1 64.
Rcc4 Kd6 65. Kb6 Kd5 66. Kxb7 Rxb4+ 67. Rxb4 Ra1 68. Rb5+ Kc4 69. Ra5 Re1 70.
e4 1-0

[Event "BCF-ch 92nd"]
[Site "Douglas IOM"]
[Date "2005.08.04"]
[Round "4.23"]
[White "Ilett, Raymond"]
[Black "McDonnell, James"]
[Result "0-1"]
[WhiteElo "1824"]
[BlackElo "2054"]
[PlyCount "106"]
[EventDate "2005.08.01"]

1. d4 d5 2. c4 c6 3. Nf3 Nf6 4. Nc3 dxc4 5. e3 Bf5 6. Bxc4 e6 7. O-O h6 8. Bd2
Be7 9. Rc1 Nbd7 10. Re1 Ne4 11. Qe2 O-O 12. Bd3 Nxd2 13. Qxd2 Bxd3 14. Qxd3 Nf6
15. Red1 Qa5 16. Ne5 Rfd8 17. a3 c5 18. Qb5 Qxb5 19. Nxb5 a6 20. Nc3 cxd4 21.
exd4 Rac8 22. Kf1 Bd6 23. h3 Bb8 24. Na4 Ba7 25. Nc5 Bxc5 26. dxc5 Rxd1+ 27.
Rxd1 Nd5 28. b4 a5 29. Rb1 axb4 30. axb4 b6 31. cxb6 Nxb6 32. Rb2 f6 33. Nd3
Nc4 34. Ra2 e5 35. Ke2 Rb8 36. Rc2 Na3 37. Ra2 Nc4 38. Rc2 Nd6 39. f3 Nf5 40.
Rb2 Ng3+ 41. Kf2 Nf5 42. g4 Nd4 43. Ke3 Nb5 44. Nc5 Rd8 45. Rd2 Ra8 46. Rd3 Nd4
47. Ke4 Rb8 48. Na6 Rb6 49. Ra3 Nc6 50. Ra4 Kf7 51. Kd5 Rxa6 52. Rxa6 Nxb4+ 53.
Kc5 Nxa6+ 0-1

[Event "BCF-ch 92nd"]
[Site "Douglas IOM"]
[Date "2005.08.05"]
[Round "5.4"]
[White "Littlewood, Paul"]
[Black "Woodward, Timothy"]
[Result "1-0"]
[WhiteElo "2355"]
[BlackElo "2313"]
[PlyCount "87"]
[EventDate "2005.08.01"]

1. e4 c6 2. d4 d5 3. Nd2 dxe4 4. Nxe4 Bf5 5. Ng3 Bg6 6. Nf3 Nd7 7. h4 h6 8. h5
Bh7 9. Bd3 Bxd3 10. Qxd3 e6 11. Bf4 Bb4+ 12. c3 Be7 13. O-O-O Ngf6 14. Kb1 O-O
15. Ne4 Nxe4 16. Qxe4 Nf6 17. Qc2 Qa5 18. Ne5 Rad8 19. g4 Nh7 20. Be3 Bf6 21.
f4 Bxe5 22. dxe5 a6 23. b4 Qc7 24. Bc5 Rxd1+ 25. Rxd1 Rd8 26. Bd6 Qb6 27. Bc5
Qc7 28. Bd6 Qb6 29. Be7 Rxd1+ 30. Qxd1 Qc7 31. Bd8 Qc8 32. Be7 Qc7 33. Bd6 Qd8
34. Qd4 Nf8 35. Qa7 Qc8 36. g5 Nd7 37. Qg1 Kh8 38. Kb2 Qa8 39. g6 f5 40. Qd4
Qc8 41. Be7 Qe8 42. Bc5 Kg8 43. Kc2 Nxc5 44. bxc5 1-0

[Event "BCF-ch 92nd"]
[Site "Douglas IOM"]
[Date "2005.08.05"]
[Round "5.5"]
[White "Greet, Andrew"]
[Black "Ashton, Adam"]
[Result "1-0"]
[WhiteElo "2425"]
[BlackElo "2294"]
[PlyCount "80"]
[EventDate "2005.08.01"]

1. d4 d5 2. Nf3 Nf6 3. c4 e6 4. Nc3 c6 5. Bg5 dxc4 6. e4 b5 7. e5 h6 8. Bh4 g5
9. Nxg5 hxg5 10. Bxg5 Nbd7 11. g3 Bb7 12. Bg2 Qc7 13. exf6 c5 14. O-O Bxg2 15.
Kxg2 Qb7+ 16. f3 O-O-O 17. dxc5 Nxc5 18. Qe2 Nd3 19. Ne4 Qd5 20. h4 Kb7 21.
Rfd1 Bc5 22. b3 Bb6 23. Nc3 Qc6 24. bxc4 bxc4 25. Rab1 Rd4 26. Rb5 Rg8 27. Kh2
Rgd8 28. Rdb1 Nc5 29. Be3 e5 30. Bxd4 Rxd4 31. a4 Kc8 32. Qxe5 Rd2+ 33. Kh3
Qd7+ 34. g4 Nd3 35. Qf5 Nf2+ 36. Kg3 Bc7+ 37. f4 Qxf5 38. Rxf5 Nd3 39. Ne4 Re2
40. Kf3 Rc2 1-0

[Event "BCF-ch 92nd"]
[Site "Douglas IOM"]
[Date "2005.08.05"]
[Round "5.8"]
[White "Rudd, Jack"]
[Black "Haslinger, Stewart"]
[Result "0-1"]
[WhiteElo "2268"]
[BlackElo "2412"]
[PlyCount "68"]
[EventDate "2005.08.01"]

1. e4 e5 2. Nf3 Nc6 3. Nc3 Nf6 4. d4 exd4 5. Nxd4 Bb4 6. Nxc6 bxc6 7. Bd3 d5 8.
exd5 cxd5 9. O-O O-O 10. Bg5 c6 11. Ne2 Bd6 12. Ng3 h6 13. Bd2 Bg4 14. Qc1 Re8
15. h3 Bd7 16. Nf5 Bxf5 17. Bxf5 Rb8 18. Rb1 Ne4 19. Bxe4 Rxe4 20. Qd1 Qf6 21.
b3 Rbe8 22. Qf3 Qxf3 23. gxf3 Re2 24. Be3 Rxc2 25. Rfc1 Rxa2 26. Rxc6 Be5 27.
f4 d4 28. fxe5 dxe3 29. f4 Rd8 30. Rc3 Re2 31. Rf1 Rdd2 32. Rf3 Rg2+ 33. Kf1
e2+ 34. Ke1 Rd1# 0-1

[Event "BCF-ch 92nd"]
[Site "Douglas IOM"]
[Date "2005.08.05"]
[Round "5.11"]
[White "Therrien, Alex"]
[Black "Eggleston, Thomas"]
[Result "1/2-1/2"]
[WhiteElo "2294"]
[BlackElo "2166"]
[PlyCount "46"]
[EventDate "2005.08.01"]

1. d4 e6 2. c4 f5 3. g3 Nf6 4. Bg2 Bb4+ 5. Bd2 Qe7 6. Nf3 Bxd2+ 7. Qxd2 d6 8.
Nc3 e5 9. O-O-O e4 10. Ne1 c6 11. d5 c5 12. f3 O-O 13. Qf4 exf3 14. exf3 Nbd7
15. Nd3 Ne5 16. Nxe5 dxe5 17. Rhe1 Re8 18. Qd2 Bd7 19. h3 Qd6 20. Bf1 a6 21.
Kb1 Rab8 22. a4 e4 23. f4 Qb6 1/2-1/2

[Event "BCF-ch 92nd"]
[Site "Douglas IOM"]
[Date "2005.08.05"]
[Round "5.12"]
[White "Surtees, Mike"]
[Black "Morrison, Graham"]
[Result "0-1"]
[WhiteElo "2142"]
[BlackElo "2322"]
[PlyCount "82"]
[EventDate "2005.08.01"]

1. e4 c5 2. c3 d5 3. f3 e6 4. Nh3 Nc6 5. Na3 Nf6 6. Nf2 Be7 7. Nc2 O-O 8. Be2
Rb8 9. O-O b5 10. d4 b4 11. e5 Nd7 12. f4 bxc3 13. bxc3 Qa5 14. Qd3 Rb6 15. Qh3
Re8 16. Bd3 Nf8 17. Qe3 Ba6 18. Bxa6 Rxa6 19. g4 Qa4 20. Qd3 Rc8 21. Be3 cxd4
22. Nxd4 Rb6 23. Nb3 Rb7 24. Bd4 Rbc7 25. Rfc1 Ba3 26. Rc2 Nb4 27. cxb4 Rxc2
28. Nc5 Qxb4 29. Nb3 Bb2 30. Bxb2 Rxb2 31. Qg3 Qa3 32. Rf1 Rxa2 33. Nd4 Qxg3+
34. hxg3 Rd2 35. Nb5 Rc5 36. Nd6 Rcc2 37. g5 a5 38. Kg2 a4 39. Kf3 Rxf2+ 40.
Rxf2 Rxf2+ 41. Kxf2 a3 0-1

[Event "BCF-ch 92nd"]
[Site "Douglas IOM"]
[Date "2005.08.05"]
[Round "5.13"]
[White "Nixon, Thomas"]
[Black "Eggleston, David"]
[Result "1/2-1/2"]
[WhiteElo "2195"]
[BlackElo "2138"]
[PlyCount "23"]
[EventDate "2005.08.01"]

1. d4 f5 2. g3 Nf6 3. Bg2 d6 4. b3 e6 5. Bb2 Be7 6. Nd2 O-O 7. c4 Nc6 8. Qc2 a5
9. a3 d5 10. Ngf3 Ne4 11. Rc1 Bd7 12. Ne5 1/2-1/2

[Event "BCF-ch 92nd"]
[Site "Douglas IOM"]
[Date "2005.08.05"]
[Round "5.14"]
[White "Mitchell, Martin"]
[Black "Waters, Michael"]
[Result "1-0"]
[WhiteElo "2172"]
[BlackElo "2125"]
[PlyCount "93"]
[EventDate "2005.08.01"]

1. d4 Nf6 2. c4 e6 3. Nc3 Bb4 4. e3 d5 5. cxd5 exd5 6. Bd3 O-O 7. Nge2 Re8 8.
O-O Nc6 9. f3 Bd6 10. Nb5 Bf8 11. Ng3 Ne7 12. Bd2 Ng6 13. Nf5 c6 14. Nc3 Ne7
15. Ng3 Ng6 16. Rc1 Bd6 17. Nce2 a5 18. Qc2 Bb4 19. a3 Bxd2 20. Qxd2 Qe7 21. e4
dxe4 22. fxe4 Bg4 23. e5 Nd5 24. Ne4 Bxe2 25. Bxe2 f6 26. exf6 Nxf6 27. Nxf6+
gxf6 28. Bf3 Kg7 29. Rc5 Qe3+ 30. Qxe3 Rxe3 31. d5 cxd5 32. Bxd5 Re7 33. Rb5
Ra7 34. Rb6 Rd7 35. Ba2 Ne5 36. Rbxf6 b5 37. R6f5 Re7 38. Rg5+ Kh6 39. Rg3 b4
40. Re3 Ng4 41. Rh3+ Kg5 42. Bb1 h5 43. Rf5+ Kh6 44. Rhxh5+ Kg7 45. Rhg5+ Kh6
46. Rxg4 Re1+ 47. Rf1 1-0

[Event "BCF-ch 92nd"]
[Site "Douglas IOM"]
[Date "2005.08.05"]
[Round "5.16"]
[White "Rayner, Francis"]
[Black "Bonafont, Philip"]
[Result "1-0"]
[WhiteElo "2216"]
[BlackElo "2116"]
[PlyCount "81"]
[EventDate "2005.08.01"]

1. c4 c5 2. Nf3 Nc6 3. Nc3 e5 4. e3 Nf6 5. d4 cxd4 6. exd4 e4 7. Ng5 Bb4 8. d5
Ne5 9. Qd4 d6 10. Ngxe4 Nxe4 11. Qxe4 f5 12. Qc2 O-O 13. Bf4 Ng6 14. Bd2 Qe7+
15. Be2 f4 16. O-O-O Bf5 17. Bd3 Bxd3 18. Qxd3 Ne5 19. Qe4 Rac8 20. Rhe1 Qf6
21. b3 Nxc4 22. bxc4 Bxc3 23. Qe6+ Qxe6 24. dxe6 Be5 25. Re4 b5 26. Bb4 Rxc4+
27. Rxc4 bxc4 28. Bxd6 Bxd6 29. Rxd6 g6 30. Kc2 Kg7 31. Rd7+ Kf6 32. e7 Re8 33.
Rxa7 Ke6 34. Kc3 Kd5 35. a4 Kc5 36. a5 g5 37. Rb7 h6 38. a6 Kc6 39. Kxc4 Ra8
40. Kd4 Re8 41. Ke5 1-0

[Event "BCF-ch 92nd"]
[Site "Douglas IOM"]
[Date "2005.08.05"]
[Round "5.17"]
[White "Taylor, Geoffrey"]
[Black "White, Michael JR"]
[Result "0-1"]
[WhiteElo "2135"]
[BlackElo "2200"]
[PlyCount "74"]
[EventDate "2005.08.01"]

1. e4 c5 2. Nf3 Nc6 3. d4 cxd4 4. Nxd4 Nf6 5. Nc3 e6 6. Be2 Bb4 7. Nxc6 bxc6 8.
O-O Qc7 9. Bd3 Bb7 10. Qe2 h5 11. h3 O-O-O 12. Be3 d5 13. Bxa7 d4 14. Na4 Qa5
15. a3 Be7 16. Bb6 Qxa4 17. Bxd8 Bxd8 18. b3 Qa7 19. Rfb1 g5 20. b4 g4 21. h4
Nd7 22. f4 gxf3 23. Qxf3 Ne5 24. Qg3 Ng6 25. Qf3 Ba8 26. g3 Rg8 27. Kh2 Nxh4
28. gxh4 Qc7+ 29. Kh3 Rg4 30. Rh1 Qe7 31. Qxg4 hxg4+ 32. Kxg4 c5 33. Rh2 f5+
34. Kf4 fxe4 35. Ba6+ Kb8 36. Rh3 Qf6+ 37. Kg3 Bc7+ 0-1

[Event "BCF-ch 92nd"]
[Site "Douglas IOM"]
[Date "2005.08.05"]
[Round "5.18"]
[White "McDonnell, James"]
[Black "Storey, Charles"]
[Result "0-1"]
[WhiteElo "2054"]
[BlackElo "2211"]
[PlyCount "106"]
[EventDate "2005.08.01"]

1. e4 e5 2. Nf3 Nc6 3. Bb5 Bc5 4. c3 Qf6 5. d3 h6 6. Qe2 Nge7 7. Be3 Bxe3 8.
fxe3 a6 9. Ba4 g6 10. a3 d6 11. Nbd2 Bd7 12. Bb3 Qg7 13. Ba2 f5 14. Rf1 O-O-O
15. O-O-O Kb8 16. Kb1 g5 17. exf5 Bxf5 18. Ne1 Bg6 19. Ka1 Nc8 20. Nc2 Nb6 21.
Nb4 Ne7 22. Nc4 Nxc4 23. Bxc4 d5 24. Bb3 c5 25. Nc2 Nc6 26. Ba2 Ka7 27. Rf2
Rhf8 28. Rdf1 Rxf2 29. Rxf2 d4 30. cxd4 exd4 31. e4 Ne5 32. Ne1 g4 33. Bd5 Be8
34. Qc2 b6 35. Rf5 Bd7 36. Rf1 Rc8 37. Qb3 Qe7 38. Qd1 b5 39. Qd2 Qd6 40. g3
Bc6 41. Bxc6 Rxc6 42. Rf5 c4 43. Rf2 c3 44. Qc2 cxb2+ 45. Qxb2 Rc3 46. Ka2 a5
47. Rc2 Nxd3 48. Nxd3 Rxd3 49. Rd2 Qe6+ 50. Ka1 Qxe4 51. Rxd3 Qxd3 52. Ka2 a4
53. Qc1 Qc4+ 0-1

[Event "BCF-ch 92nd"]
[Site "Douglas IOM"]
[Date "2005.08.05"]
[Round "5.20"]
[White "Hall, Daniel J"]
[Black "Humphreys, Jerry"]
[Result "1-0"]
[WhiteElo "2037"]
[BlackElo "2115"]
[PlyCount "43"]
[EventDate "2005.08.01"]

1. e4 c5 2. Nf3 e6 3. d4 cxd4 4. Nxd4 Nf6 5. Nc3 d6 6. Be3 Be7 7. Be2 a6 8. f4
Qc7 9. O-O Nc6 10. Kh1 O-O 11. g4 Nxd4 12. Bxd4 b5 13. Bf3 Bb7 14. g5 Nd7 15.
Rg1 Rac8 16. f5 exf5 17. exf5 Ne5 18. Nd5 Nxf3 19. Qxf3 Bxd5 20. Qxd5 Qxc2 21.
g6 hxg6 22. Rxg6 1-0

[Event "BCF-ch 92nd"]
[Site "Douglas IOM"]
[Date "2005.08.05"]
[Round "5.21"]
[White "Pym, Thomas"]
[Black "De Coverly, Roger"]
[Result "1/2-1/2"]
[WhiteElo "2099"]
[BlackElo "2086"]
[PlyCount "63"]
[EventDate "2005.08.01"]

1. e4 e5 2. Nf3 Nc6 3. Bb5 a6 4. Ba4 Nf6 5. Qe2 b5 6. Bb3 Be7 7. c3 O-O 8. d4
d6 9. O-O Bg4 10. Rd1 Qc8 11. h3 Bh5 12. a4 b4 13. Bd5 Bxf3 14. Qxf3 Qd7 15.
Be3 exd4 16. Bxd4 Nxd5 17. exd5 Nxd4 18. Rxd4 bxc3 19. Nxc3 Bf6 20. Rc4 Rfb8
21. b4 h6 22. Ra2 Rb7 23. Ne4 Be5 24. Qe3 Qf5 25. g4 Qf4 26. Qxf4 Bxf4 27. Nf6+
gxf6 28. Rxf4 Rab8 29. Rb2 Kg7 30. Kg2 f5 31. gxf5 Kf6 32. Re4 1/2-1/2

[Event "BCF-ch 92nd"]
[Site "Douglas IOM"]
[Date "2005.08.05"]
[Round "5.22"]
[White "Varnam, Liam"]
[Black "Chaplin, Peter"]
[Result "0-1"]
[WhiteElo "2088"]
[BlackElo "2062"]
[PlyCount "52"]
[EventDate "2005.08.01"]

1. e4 g6 2. d4 Bg7 3. Nf3 d6 4. Nc3 c6 5. Be2 Nf6 6. O-O O-O 7. h3 Nbd7 8. Be3
e5 9. Qd2 Qe7 10. d5 cxd5 11. Nxd5 Nxd5 12. Qxd5 Nf6 13. Qd3 d5 14. Bg5 dxe4
15. Qxe4 h6 16. Bxf6 Bxf6 17. g4 Bg7 18. Bc4 Kh7 19. Nh2 f5 20. Qe2 Qh4 21. Kg2
fxg4 22. hxg4 Rf4 23. f3 e4 24. fxe4 Bxg4 25. Qe3 Rxe4 26. Qb3 Rxc4 0-1